Sociální aspekty přechodu od mechanizované k automatizované výrobě /

Salvato in:
Dettagli Bibliografici
Autore principale: Havlová, Jitka (Autore)
Natura: Libro
Lingua:ceco
Pubblicazione: Praha : VUSTE, 1984
Soggetti:
Tags: Aggiungi Tag
Nessun Tag, puoi essere il primo ad aggiungerne!!

MARC

LEADER 00000nam a22000003a 4500
001 stu36766
005 20150617225727.2
008 920618s1984----cs------------------cze-d
040 |a STU  |b slo 
041 0 |a cze 
044 |a cs 
080 |a 331.82 
080 |a 331.87 
100 1 |a Havlová, Jitka  |4 aut 
245 1 |a Sociální aspekty přechodu od mechanizované k automatizované výrobě /  |c [aut.]Jitka Havlová 
260 |a Praha :  |b VUSTE,  |c 1984 
300 |a 133 s 
650 7 |a Podmienky pracovné  |2 stusub 
650 7 |a štúdie  |2 stusub 
996 |b 284M046541  |c M*490-2  |l MMKN  |s A  |a 24  |w stu36766_0001 
996 |b M 4319  |c M*490-1  |l MMKN  |s A  |a 24  |w stu36766_0002